000 01289nam a2200337 a 4500
001 ebr10671064
003 CaPaEBR
006 m u
007 cr cn|||||||||
008 090514s2009 nyua sb 001 0 eng d
010 _z 2009019832
020 _z9781607418238 (hardcover)
020 _z1607418231 (hardcover)
020 _z9781614700913 (e-book)
040 _aCaPaEBR
_cCaPaEBR
035 _a(OCoLC)757741854
050 1 4 _aHG229
_b.I45123 2009eb
082 0 4 _a332.4/1
_222
245 0 0 _aInflation
_h[electronic resource] :
_bcauses and effects /
_cLeon V. Schwartz, editor.
260 _aNew York :
_bNova Science Publishers,
_cc2009.
300 _aix, 195 p. :
_bill.
490 1 _aGlobal economic studies series
504 _aIncludes bibliographical references and index.
533 _aElectronic reproduction.
_bPalo Alto, Calif. :
_cebrary,
_d2013.
_nAvailable via World Wide Web.
_nAccess may be limited to ebrary affiliated libraries.
650 0 _aInflation (Finance)
655 7 _aElectronic books.
_2local
700 1 _aSchwartz, Leon V.
710 2 _aebrary, Inc.
830 0 _aGlobal economic studies series.
856 4 0 _uhttp://site.ebrary.com/lib/rucke/Doc?id=10671064
_zAn electronic book accessible through the World Wide Web; click to view
999 _c162087
_d162087